Communes du Luxembourg (Belgique) - Carte Quiz - Statistiques

Statistiques générales
  • Ce quiz a été pris 209 fois
    126 depuis la dernière actualisation
  • Le résultat moyen est 21 sur 43
Réponses sur la Carte
Les réponses sont colorées sur une échelle allant du rouge au vert en fonction du pourcentage des utilisateurs qui les ont devinées à leur premier essai. Vous pouvez retrouver ces pourcentages ci-dessous.
 
Statistiques - réponses
Réponse % Correct
Arlon
86%
Virton
71%
Attert
67%
Bouillon
67%
Marche-en-Famenne
67%
Bastogne
62%
Gouvy
62%
Martelange
62%
Aubange
57%
Florenville
57%
Libramont-Chevigny
57%
Meix-devant-Virton
57%
Messancy
57%
Rouvroy
57%
Vielsalm
57%
Habay
52%
Neufchâteau
52%
Paliseul
52%
Daverdisse
48%
La-Roche-en-Ardenne
48%
Manhay
48%
Musson
48%
Tenneville
48%
Chiny
43%
Durbuy
43%
Etalle
43%
Hotton
43%
Houffalize
43%
Sainte-Ode
43%
Tintigny
43%
Vaux-sur-Sûre
43%
Wellin
43%
Fauvillers
38%
Nassogne
38%
Saint-Léger
38%
Tellin
38%
Bertrix
33%
Erezée
33%
Herbeumont
33%
Léglise
33%
Saint-Hubert
33%
Libin
29%
Rendeux
24%
Aucun quiz correspondant
Distribution des résultats
% des personnes avec chaque résultat
Percentile par nombre de réponses
Votre historique - résultats
Vous n’avez pas pris ce quiz depuis la dernière actualisation